| 000 | 01028nam0a2200253 4500 | ||
|---|---|---|---|
| 001 | RU\NLR\BIBL_A\010302068 | ||
| 005 | 20250614031732.0 | ||
| 035 | _a(NLR Aleph) 010302068 | ||
| 090 |
_a10598526 _c10598526 |
||
| 100 | _a20140403d1960 |||y0rusy50 ca | ||
| 101 | 0 | _asah | |
| 102 | _aRU | ||
| 105 | _aa|||z||||||c| | ||
| 200 | 1 |
_aТалыллыбыт айымньылар _fБэс Дьарааһын (Г. Д. Бястинов) |
|
| 210 |
_aЯкутскай _cСаха сиринээҕи кинигэ изд-вота _d1960 |
||
| 215 |
_a315,[2] c., [1] л. портр. _d21 |
||
| 300 | _aВ вып. дан. авт.: Бяс Герасим (Бястинов Герасим Дмитриевич) | ||
| 541 | 1 |
_aИзбранное _zrus |
|
| 686 | 1 | _aШ6(2=Я)7-4 | |
| 700 | 1 |
_4070 _aБястинов-Бэс Дьарааһын _bГ. Д _f1902-1934 _gГерасим Дмитриевич _9163824 _3RU\NLR\AUTH\770163868 |
|
| 852 |
_aNLR _bОНЛ _jЯкут./3-1245 |
||
| 942 | _cBOOK | ||
| 980 | _aNB | ||